Biskupstwa w Polsce w 1000 roku - Statystyki

Ogólne statystyki
  • Ten quiz został rozwiązany 83 razy
  • Średni wynik to 4 z 5
Statystyki odpowiedzi
Odpowiedź % Poprawnych
Gniezno
95%
Kraków
92%
Poznań
89%
Wrocław
71%
Kołobrzeg
56%
Nie znaleziono quizów pasujących do podanych kryteriów
Rozkład punktacji
Procent ludzi z każdym wynikiem
Percentyl według liczby udzielonych odpowiedzi
Twoja historia wyników
Nie rozwiązałeś tego quizu